| 000 | 00476nam a2200181Ia 4500 | ||
|---|---|---|---|
| 003 | OSt | ||
| 005 | 20250131132615.0 | ||
| 008 | 210716s1986 xx 000 0 und d | ||
| 040 | _cAIMIT LIBRARY | ||
| 041 | _aeng | ||
| 082 |
_a813 _21 _bBUNJ |
||
| 100 |
_aBunyan, John. _9196656 |
||
| 245 |
_aPilgrims progress / _cBy John Bunyan. |
||
| 250 | _a1st ed. | ||
| 260 |
_aNew York : _bBooks Inc ; _c1986. |
||
| 300 |
_a309p. ; _bPB _c19 cm. |
||
| 942 |
_2ddc _cBK _e1st ed. _k813 BUNJ |
||
| 999 |
_c201337 _d201337 |
||